| 000 | 00706nam a22002177a 4500 | ||
|---|---|---|---|
| 003 | OSt | ||
| 005 | 20251204085601.0 | ||
| 008 | 251204b |||||||| |||| 00| 0 eng d | ||
| 020 | _a0-8385-0174-5. | ||
| 040 |
_aDWCL-Main lib _cOC |
||
| 082 |
_22nd ed. _aCirc. 610.73 Ad245 1997 |
||
| 100 | _aBurrell, Lenette Owens | ||
| 245 |
_aAdult nursing : _bacute and community care _cBurrell, Lenette Owens |
||
| 260 |
_aConn. : _bAppleton & Lange, _cc1997. |
||
| 300 |
_a13 v., (pages varies) : _bsome colored illustration ; _c27 cm. |
||
| 650 | _21. Community health nursing. | ||
| 650 | _22. Nursing. | ||
| 700 | _aGerlach, Mary Jo M. | ||
| 700 | _aPless, Betsy S. | ||
| 942 |
_2ddc _cBK-CIRC _e2nd ed. _kCirc. _n0 |
||
| 999 |
_c6881 _d6881 |
||